Readings in anthropology (Record no. 1357380)

MARC details
000 -LEADER
fixed length control field 00559nam a2200193Ia 4500
005 - DATE AND TIME OF LATEST TRANSACTION
control field 20250508155522.0
008 - FIXED-LENGTH DATA ELEMENTS--GENERAL INFORMATION
fixed length control field 008 250505s9999 xx 000 0 eng d
037 ## - SOURCE OF ACQUISITION
Stock number Textual
040 ## - CATALOGING SOURCE
Original cataloging agency FEDL
Language of cataloging eng
Transcribing agency FEDL
041 ## - LANGUAGE CODE
Language code of text/sound track or separate title eng
Source of code eng
084 ## - COLON CLASSIFICATION NUMBER
Classification number 572, HOE
Assigning agency FEDL
100 ## - MAIN ENTRY--PERSONAL NAME
Personal name Hoebel E Adamson
9 (RLIN) 13513
245 #0 - TITLE STATEMENT
Title Readings in anthropology
260 ## - PUBLICATION, DISTRIBUTION, ETC.
Place of publication, distribution, etc. New York, USA
Name of publisher, distributor, etc. McGraw Hill Book Company Inc
Date of publication, distribution, etc. 1955
300 ## - PHYSICAL DESCRIPTION
Extent xiv,417p
700 ## - ADDED ENTRY--PERSONAL NAME
Personal name Jennings Jesse D Smith Elmer R
9 (RLIN) 767073
942 ## - ADDED ENTRY ELEMENTS (KOHA)
Koha item type Textual
Classification part 572, HOE
Holdings
Withdrawn status Lost status Damaged status Not for loan Home library Current library Date acquired Total Checkouts Full call number Barcode Date last seen Price effective from Koha item type
        Department of Education Library Department of Education Library 2025-05-08   572, HOE EL0042589 2025-05-08 2025-05-08 Textual
Copyright @ Delhi University Library System